000 nam a22 7a 4500
999 _c7328
_d7328
008 170812b xxu||||| |||| 00| 0 eng d
100 _aArora Sumita
_93866
245 _aProfress in computer science with PYTHON
_bPractical Book XI
260 _aNew delhi
_bDhanapat Rai
_c2013